Centroamérica después de la crisis /

में बचाया:
ग्रंथसूची विवरण
मुख्य लेखक: Botella, Joan
अन्य लेखक: Sanahuja, Josep M.
स्वरूप: अज्ञात
प्रकाशित: Bercelona: Institut de Ciencies Politiques i Sociais
विषय:
टैग: टैग जोड़ें
कोई टैग नहीं, इस रिकॉर्ड को टैग करने वाले पहले व्यक्ति बनें!

MARC

LEADER 00000 a2200000 04500
001 11132
003
008 991231s d
040
090 |a 138503  
100 |a Botella, Joan  
245 |a Centroamérica después de la crisis /  |c Joan Botella 
260 |a Bercelona:   |b Institut de Ciencies Politiques i Sociais  
300 |a 197 p.  
650 |a PAZ  
650 |a DEMOCRACIA  
650 |a GUERRA CIVIL  
650 |a RESOLUCION  
650 |a CONFLICTOS SOCIALES  
650 |a CAMBIO SOCIAL  
650 |a CULTURA  
650 |a ECONOMIA  
650 |a COEXISTENCIA PACIFICA  
700 |a   
700 |a Sanahuja, Josep M.  
700 |a   
999 |c 11804  |d 11804